Bhakthi Main Bhagwan / (Record no. 46015)

MARC details
000 -LEADER
fixed length control field 01189njm a22002897a 4500
005 - DATE AND TIME OF LATEST TRANSACTION
control field 20100901115333.0
006 - FIXED-LENGTH DATA ELEMENTS--ADDITIONAL MATERIAL CHARACTERISTICS--GENERAL INFORMATION
fixed length control field a|||||r|||||00| 0
007 - PHYSICAL DESCRIPTION FIXED FIELD--GENERAL INFORMATION
fixed length control field sd ammalaaahaa
008 - FIXED-LENGTH DATA ELEMENTS--GENERAL INFORMATION
fixed length control field 100901t xxu||||| |||| 00| 0 eng d
028 ## - PUBLISHER NUMBER
Publisher number SEDE 16515
Source Columbia
035 ## - SYSTEM CONTROL NUMBER
System control number GR-02579
040 ## - CATALOGING SOURCE
Original cataloging agency SED
Transcribing agency SED
100 ## - MAIN ENTRY--PERSONAL NAME
Personal name Kapoor, Mahendra
9 (RLIN) 17891
245 ## - TITLE STATEMENT
Title Bhakthi Main Bhagwan /
Statement of responsibility, etc by Mahendra Kapoor ; music by G. K. Venkatesh ; lyrices by P. L. Santoshi
Medium [Sound recording]
246 ## - VARYING FORM OF TITLE
Title proper/short title भक्ति मैं भगवन / महेंद्र कपूर
260 ## - PUBLICATION, DISTRIBUTION, ETC. (IMPRINT)
Place of publication, distribution, etc DUM DUM, India
Name of publisher, distributor, etc Columbia
Date of publication, distribution, etc 1976
300 ## - PHYSICAL DESCRIPTION
Extent 1 Sound disc [Gramophone Recording] :
Other physical details analog, 33 1/3 rpm
Dimensions 7 in. (SP)
Type of unit Gramophone Record
500 ## - GENERAL NOTE
General note Brief record
500 ## - GENERAL NOTE
General note Record Labels : Columbia,Blue
505 ## - FORMATTED CONTENTS NOTE
Formatted contents note Side-1 हरी नाम ले ( Hari naam le ) --Side-2 देखो दोनों (Dekho dono) (Mahendra Kapoor)
600 ## - SUBJECT ADDED ENTRY--PERSONAL NAME
Source of heading or term Kapoor, Mahendra
650 ## - SUBJECT ADDED ENTRY--TOPICAL TERM
Topical term or geographic name as entry element Bhajan
General subdivision Excerpts
Geographic subdivision India
9 (RLIN) 17892
700 ## - ADDED ENTRY--PERSONAL NAME
Personal name Venkatesh, G.K
9 (RLIN) 20147
700 ## - ADDED ENTRY--PERSONAL NAME
Personal name Santoshi, P.L.
9 (RLIN) 20208
942 ## - ADDED ENTRY ELEMENTS (KOHA)
Source of classification or shelving scheme Dewey Decimal Classification
Item type Gramaphone Records
Holdings
Withdrawn status Lost status Source of classification or shelving scheme Damaged status Not for loan Collection code Home library Current library Date acquired Source of acquisition Total Checkouts Barcode Date last seen Copy number Price effective from Koha item type
    Dewey Decimal Classification   Not For Loan Non-fiction Central Library Central Library 15/09/2010 SED/VEN   GR-02579 15/09/2010 1 15/09/2010 Gramaphone Records

© Delhi Public Library
Hit Counter
free hit counter